000 00557nam a2200181Ia 4500
005 20250508160100.0
008 008 250505s9999 xx 000 0 eng d
037 _aTextual
040 _aFEDL
_beng
_cFEDL
041 _aeng
_2eng
084 _a378.54, IND
_qFEDL
245 0 _aEducation in Universities in India 1963-64 : A statistical survey
245 0 _cIndia. Education, (Ministry of ...)
260 _aNew Delhi, India
_bMinistry of Education
_c1967
300 _a196p
942 _cTEXL
_h378.54, IND
999 _c1361561
_d1361561